| 000 | 01463nac a22003251u 4500 | ||
|---|---|---|---|
| 010 | _a 99169787 | ||
| 020 | _a0070170398 : | ||
| 035 | _a(OCoLC)40623891 | ||
| 082 | 0 | 0 |
_a624 _bDIN |
| 090 |
_c8778 _d8778 |
||
| 100 | _aDines, Nicholas T. | ||
| 245 | 1 | 0 |
_aTime-saver standards : site construction details manual / _bsite construction details manual / _cNicholas T. Dines & Kyle D. Brown. |
| 246 | 1 | 4 | _aTime-saver standards concise site construction details manual |
| 246 | 1 | 4 | _aSite construction details manual |
| 260 |
_aNew York : _bMcGraw-Hill,1999. _cc1999. |
||
| 300 |
_axiii, 398 p. : _bill. ; _c24 cm. |
||
| 500 | _a Distributer: Bacca | ||
| 504 | _aIncludes bibliographical references and index. | ||
| 511 | _aCatalogued by: Sara | ||
| 650 | 0 |
_aRoadside improvement _vHandbooks, manuals, etc. |
|
| 650 | 0 |
_aRoadside rest areas. _vHandbooks, manuals, etc. |
|
| 650 | 0 |
_aLandscape architecture _vDrawings _xStandards _vHandbooks, manuals, etc. |
|
| 650 | 0 |
_aLandscape construction _xStandards _vHandbooks, manuals, etc. |
|
| 650 | 0 |
_aBuilding sites _xPlanning _vHandbooks, manuals, etc. |
|
| 650 | 0 |
_aRoadside plants _vHandbooks, manuals, etc. |
|
| 700 | _aBrown, Kyle D. | ||
| 856 | 4 | 2 |
_3Contributor biographical information _uhttp://www.loc.gov/catdir/bios/mh041/99169787.html |
| 856 | 4 | 2 |
_3Publisher description _uhttp://www.loc.gov/catdir/description/mh023/99169787.html |
| 942 |
_cBB _k624DIN |
||
| 999 |
_c8778 _d8778 |
||